Spieler der Fußball-WM 2022 - Statistiken

Allgemein
  • Dieses Quiz wurde 74 mal gespielt
  • Das Durchschnittsergebnis liegt bei 11 aus 16
Antwortstatistiken
Bildquiz Hint Antwort % Korrekt
Argentinien Lionel Messi
100%
Polen Robert Lewandowski
99%
Deutschland Serge Gnabry
96%
Brasilien Neymar
94%
Kanada Alphonso Davies
93%
Schweiz Granit Xhaka
93%
Portugal Pepe
91%
Dänemark Kasper Schmeichel
90%
Frankreich Hugo Lloris
89%
Kamerun Eric Maxim Choupo-Moting
76%
Senegal Édouard Mendy
60%
England Kalvin Phillips
60%
Spanien Unai Simón
49%
Ghana Daniel-Kofi Kyereh
13%
Iran Amir Abedzadeh
0%
Costa Rica Patrick Sequeira
0%
Keine übereinstimmenden Quizze gefunden
Verteilung der Resultate
Anzahl Personen mit jedem Resultat
Perzentil nach korrekt beantworteten Fragen
Ihre Resultats-Entwicklung
Sie haben dieses Quiz noch nicht gespielt